000
00297nam a22001337a 4500
008
190305b xxu||||| |||| 00| 0 eng d
020
_a
9781601453815
041
_a
eng
080
_a
371
100
_a
46
101
_a
EDU
245
_a
Notes Toward A New Rhetoric
_c
Stewart,D
942
_2
udc
_c
BK
999
_c
54549
_d
54549